[Event "ITA-ch blind 46th"]
[Site "Grisolia Lido"]
[Date "2018.09.06"]
[Round "4.8"]
[White "Tolaro, Filippa"]
[Black "Delmonte, Davide"]
[Result "0-1"]
[WhiteElo "1440"]
[BlackElo "1302"]
[PlyCount "76"]
[EventDate "2018.09.03"]
[EventType "swiss"]
[EventRounds "6"]
[EventCountry "ITA"]
[SourceTitle "EXT 2024"]
[Source "ChessBase"]
[SourceDate "2023.10.10"]
[SourceVersion "1"]
[SourceVersionDate "2023.10.10"]
[SourceQuality "1"]

1. e4 e6 2. d3 d5 3. Nc3 c5 4. Nf3 Nf6 5. d4 cxd4 6. Nxd4 e5 7. Ndb5 d4 8. Bg5 Bg4 9. Be2 Bxe2 10. Nxe2 Qa5+ 11. Nbc3 Bc5 12. 0-0 0-0 13. a3 Bb6 14. b4 Qa6 15. b5 Qa5 16. a4 dxc3 17. Nxc3 Qxc3 18. Qe2 Rd8 19. Rfe1 Nbd7 20. a5 Bxa5 21. Rxa5 Qxa5 22. f4 Qb6+ 23. Kf1 h6 24. Bh4 exf4 25. Bf2 Qc7 26. Bd4 f3 27. gxf3 Rac8 28. e5 Qxc2 29. Qxc2 Rxc2 30. f4 Nxe5 31. fxe5 Ne4 32. Rd1 Rxh2 33. Ke1 Rg2 34. Kf1 Rc2 35. Re1 Rxd4 36. Kg1 Rdd2 37. Rxe4 Rd1+ 38. Re1 Rxe1# 0-1

[Event "ITA-ch blind 46th"]
[Site "Grisolia Lido"]
[Date "2018.09.04"]
[Round "2.5"]
[White "Tolaro, Filippa"]
[Black "Trapletti, Cosetta"]
[Result "0-1"]
[WhiteElo "1440"]
[BlackElo "1251"]
[PlyCount "44"]
[EventDate "2018.09.03"]
[EventType "swiss"]
[EventRounds "6"]
[EventCountry "ITA"]
[SourceTitle "EXT 2024"]
[Source "ChessBase"]
[SourceDate "2023.10.10"]
[SourceVersion "1"]
[SourceVersionDate "2023.10.10"]
[SourceQuality "1"]

1. e4 e5 2. Nf3 Nc6 3. Bb5 Bc5 4. 0-0 Nf6 5. d3 0-0 6. d4 exd4 7. Na3 Nxe4 8. Re1 Re8 9. Bd3 d5 10. c4 Bf5 11. Nb1 h6 12. Bf4 Bb4 13. Re2 Na5 14. Nxd4 dxc4 15. Bxe4 Bxe4 16. Nd2 Qxd4 17. Bxc7 Nc6 18. a3 Bc5 19. Re3 Bd5 20. Qc2 Rxe3 21. Rd1 Re2 22. h3 Qxf2+ 0-1